O tolerancii v politickom živote na Slovensku

Bibliographic Details
Main Author: Lysý, Jozef, 1950-2024 (Author)
Format: Article
Language:Slovak
ISBN:8088868599

MARC

LEADER 00000naa a2200000uu 4500
001 vtls011056677
003 SK-MaSNL
005 20260302142212.0
008 210909|2000 xo |||||||||||||||||slo|
015 |a SNBRA 
035 |a (urnnbn)urn:nbn:sk:snk:ar-a0bz7v 
035 |a (uuid)21608c35-bbe7-4dcb-b4ed-e7434d95933e 
035 |a urn:nbn:sk:snk-aav5u1 
040 |a SNKBUCL  |b slo  |c SNKBUCL  |e AACR2 
041 0 |a slo 
044 |a xo  |c SK 
100 1 |a Lysý, Jozef,  |d 1950-2024  |4 aut  |9 198225 
245 1 0 |a O tolerancii v politickom živote na Slovensku  |c Jozef Lysý 
773 0 |t Mládež a tolerancia v škole a mimo školy  |d Bratislava : Pedagogická fakulta Univerzity Komenského, 2000  |g S. [27]-31  |z 8088868599 
958 |a OND 
958 |a article12 
958 |a chapter 
999 |c 1338413  |d 1340343